Minnesota Twins All-Stars Since 1980 - Statistics

General Stats
  • This quiz has been taken 23 times
  • The average score is 38 of 81
Answer Stats
Hint Answer % Correct
2006 Joe Mauer
90%
2008 Joe Mauer
90%
2009 Joe Mauer
90%
2010 Joe Mauer
90%
2012 Joe Mauer
90%
2013 Joe Mauer
90%
1986 Kirby Puckett
85%
1987 Kirby Puckett
85%
1988 Kirby Puckett
85%
1989 Kirby Puckett
85%
1990 Kirby Puckett
85%
1991 Kirby Puckett
85%
1992 Kirby Puckett
85%
1993 Kirby Puckett
85%
1994 Kirby Puckett
85%
1995 Kirby Puckett
85%
2022 Byron Buxton
75%
2017 Ervin Santana
75%
2005 Johan Santana
75%
2006 Johan Santana
75%
2007 Johan Santana
75%
1982 Kent Hrbek
70%
2024 Carlos Correa
65%
2007 Justin Morneau
65%
2008 Justin Morneau
65%
2009 Justin Morneau
65%
2010 Justin Morneau
65%
2002 Torii Hunter
60%
2007 Torii Hunter
60%
1988 Gary Gaetti
55%
1989 Gary Gaetti
55%
1992 Chuck Knoblauch
50%
1994 Chuck Knoblauch
50%
1996 Chuck Knoblauch
50%
1997 Chuck Knoblauch
50%
1991 Jack Morris
50%
1988 Frank Viola
45%
2021 Nelson Cruz
45%
2015 Brian Dozier
40%
2002 Eddie Guardado
40%
2003 Eddie Guardado
40%
2004 Joe Nathan
40%
2005 Joe Nathan
40%
2008 Joe Nathan
40%
2009 Joe Nathan
40%
2023 Pablo Lopez
40%
1991 Scott Erickson
40%
1998 Brad Radke
35%
1988 Jeff Reardon
35%
2018 Jose Berrios
35%
2019 Jose Berrios
35%
2017 Miguel Sanó
35%
1991 Rick Aguilera
30%
1992 Rick Aguilera
30%
1993 Rick Aguilera
30%
2001 Cristian Guzman
25%
2011 Michael Cuddyer
25%
1985 Tom Brunansky
25%
2024 Willi Castro
25%
2001 Eric Milton
20%
2019 Jorge Polanco
20%
2022 Luis Arraez
20%
2023 Sony Gray
20%
2021 Taylor Rogers
20%
1988 Tim Laudner
20%
2002 AJ Pierzynski
15%
1984 Dave Engle
15%
1983 Gary Ward
15%
2013 Glen Perkins
15%
2014 Glen Perkins
15%
2015 Glen Perkins
15%
2019 Jake Odorizzi
15%
2001 Joe Mays
15%
1980 Ken Landreaux
15%
1999 Ron Coomer
15%
2017 Brandon Kintzler
10%
2006 Francisco Liriano
10%
2014 Kurt Suzuki
10%
2000 Matt Lawton
10%
1981 Doug Corbett
5%
2016 Eduardo Nuñez
5%
No matching quizzes found
Score Distribution
Percent of People with Each Score
Percentile by Number Answered
Your Score History
You have not taken this quiz